Better than home : an Ivy and Mack story

Bibliographic Details
Main Author: Colby, Rebecca
Other Authors: Mazali, Gustavo
Format: Book
Published: Selangor : Sasbadi Sdn. Bhd. , 2020
Series:Peapod readers (Reader level 4, CEFR lower A I)
Subjects:

MARC

LEADER 00000cam a2200000 7i4500
001 0000089564
005 20230125102628.0
008 220718
020 |a 9789837722774 
041 0 |a English 
090 0 0 |a JP   |b EDU ENG 
100 1 |a Colby, Rebecca 
245 1 0 |a Better than home :   |b an Ivy and Mack story   |c Rebecca Colby 
260 |a Selangor :   |b Sasbadi Sdn. Bhd. ,   |c 2020 
300 |a 23 p. :   |b ill., col. ;   |c 21 cm. 
490 0 |a Peapod readers (Reader level 4, CEFR lower A I) 
500 |a Children age 4-6 years old (yellow) 
541 |c Purchased on 2021   |f 00299 TSR   |h RM9.90 
650 0 |a Education 
650 0 |a Juvenile, English 
700 1 |a Mazali, Gustavo 
999 |a 0001681792   |b Book   |c Children Collection   |e Perbadanan Perpustakaan Awam Johor 
999 |a 0001682051   |b Book   |c Children Collection   |e Cawangan Urban Transformation Centre 
999 |a 0001682182   |b Book   |c Children Collection   |e Cawangan AEON Kulaijaya 
999 |a 0001682472   |b Book   |c Children Collection   |e Cawangan Tangkak 
999 |a 0001682671   |b Book   |c Children Collection   |e Cawangan Muar 
999 |a 0001682827   |b Book   |c Children Collection   |e Cawangan Batu Pahat 
999 |a 0001683054   |b Book   |c Children Collection   |e Cawangan Bandar Penawar 
999 |a 0001683258   |b Book   |c Children Collection   |e Cawangan Kota Tinggi 
999 |a 0001683450   |b Book   |c Children Collection   |e Cawangan Taman Universiti 
999 |a 0001683684   |b Book   |c Children Collection   |e Cawangan Bukit Gambir 
999 |a 0001683807   |b Book   |c Children Collection   |e Cawangan Taman Sri Lambak 
999 |a 0001684081   |b Book   |c Children Collection   |e Cawangan Tmn. Ungku Tun Aminah 
999 |a 0001684239   |b Book   |c Children Collection   |e Cawangan Pontian 
999 |a 0001684453   |b Book   |c Children Collection   |e Cawangan Mersing 
999 |a 0001684617   |b Book   |c Children Collection   |e Cawangan Sri Merlong 
999 |a 0001684838   |b Book   |c Children Collection   |e Cawangan Bandar Tenggara 
999 |a 0001685097   |b Book   |c Children Collection   |e Cawangan Segamat